Les Pokémon de la 1ère génération - Kanto - Statistiques

Statistiques générales
  • Ce quiz a été pris 149 fois
  • Le résultat moyen est 104 sur 151
Statistiques - réponses
Pokémon % Correct
001 Bulbizarre
97%
148 Draco
97%
004 Salamèche
97%
009 Tortank
97%
007 Carapuce
95%
006 Dracaufeu
92%
003 Florizarre
92%
002 Herbizarre
92%
005 Reptincel
92%
008 Carabaffe
89%
010 Chenipan
89%
025 Pikachu
89%
149 Dracolosse
87%
151 Mew
87%
150 Mewtwo
87%
012 Papilusion
87%
019 Rattata
87%
144 Artikodin
84%
011 Chrysacier
84%
133 Évoli
84%
066 Machoc
84%
147 Minidraco
84%
020 Rattatac
84%
016 Roucool
84%
017 Roucoups
84%
134 Aquali
82%
014 Coconfort
82%
130 Léviator
82%
067 Machopeur
82%
129 Magicarpe
82%
136 Pyroli
82%
026 Raichu
82%
018 Roucarnage
82%
146 Sulfura
82%
063 Abra
79%
065 Alakazam
79%
013 Aspicot
79%
145 Électhor
79%
075 Gravalanch
79%
068 Mackogneur
79%
034 Nidoking
79%
031 Nidoqueen
79%
029 Nidoran♀
79%
032 Nidoran♂
79%
030 Nidorina
79%
033 Nidorino
79%
074 Racaillou
79%
135 Voltali
79%
059 Arcanin
76%
015 Dardargnan
76%
094 Ectoplasma
76%
038 Feunard
76%
037 Goupix
76%
064 Kadabra
76%
021 Piafabec
76%
022 Rapasdepic
76%
058 Caninos
74%
092 Fantominus
74%
076 Grolem
74%
052 Miaouss
74%
143 Ronflex
74%
023 Abo
71%
024 Arbok
71%
082 Magnéton
71%
035 Mélofée
71%
027 Sabelette
71%
028 Sablaireau
71%
093 Spectrum
71%
078 Galopa
68%
040 Grodoudou
68%
089 Grotadmorv
68%
106 Kicklee
68%
036 Mélodelfe
68%
095 Onix
68%
053 Persian
68%
118 Poissirène
68%
119 Poissoroy
68%
039 Rondoudou
68%
109 Smogo
68%
110 Smogogo
68%
120 Stari
68%
121 Staross
68%
088 Tadmorv
68%
050 Taupiqueur
68%
107 Tygnon
68%
139 Amonistar
66%
138 Amonita
66%
070 Boustiflor
66%
071 Empiflor
66%
123 Insécateur
66%
113 Leveinard
66%
081 Magnéti
66%
077 Ponyta
66%
112 Rhinoféros
66%
069 Chétiflor
63%
125 Élektek
63%
097 Hypnomade
63%
140 Kabuto
63%
115 Kangourex
63%
124 Lippoutou
63%
044 Ortide
63%
045 Rafflésia
63%
051 Triopikeur
63%
141 Kabutops
61%
087 Lamantine
61%
126 Magmar
61%
048 Mimitoss
61%
042 Nosferalto
61%
041 Nosferapti
61%
086 Otaria
61%
111 Rhinocorne
61%
114 Saquedeneu
61%
096 Soporifik
61%
100 Voltorbe
61%
049 Aéromite
58%
101 Électrode
58%
043 Mystherbe
58%
137 Porygon
58%
142 Ptéra
58%
060 Ptitard
58%
128 Tauros
58%
085 Dodrio
55%
084 Doduo
55%
056 Férosinge
55%
131 Lokhlass
55%
046 Paras
55%
047 Parasect
55%
061 Têtarte
55%
055 Akwakwak
53%
057 Colossinge
53%
127 Scarabrute
53%
062 Tartard
53%
072 Tentacool
53%
073 Tentacruel
53%
054 Psykokwak
50%
091 Crustabri
47%
090 Kokiyas
47%
132 Métamorph
47%
103 Noadkoko
47%
102 Nœunœuf
47%
105 Ossatueur
47%
104 Osselait
47%
122 M. Mime
45%
083 Canarticho
42%
108 Excelangue
42%
080 Flagadoss
42%
079 Ramoloss
42%
117 Hypocéan
37%
116 Hypotrempe
37%
099 Krabboss
37%
098 Krabby
37%
Aucun quiz correspondant
Distribution des résultats
% des personnes avec chaque résultat
Percentile par nombre de réponses
Votre historique - résultats
Vous n’avez pas pris ce quiz